| 000 | 01050cam a2200289 a 4500 | ||
|---|---|---|---|
| 003 | OSt | ||
| 005 | 20230626095156.0 | ||
| 008 | 121128s2013 nyua b 001 0 eng | ||
| 010 | _a | ||
| 020 | _a9780415836319 | ||
| 040 | _cNIRUC | ||
| 050 | 0 | 0 |
_aHF1413.5 _b.B53 |
| 100 | 1 | _aBlanchard, Jean-Marc F. | |
| 245 | 1 | 0 |
_aEconomic statecraft and foreign policy : _bsanctions, incentives and target state calculations / _cJean-Marc F. Blanchard and Norrin M. Ripsman |
| 260 |
_aNew York _bRoutledge _c2013 |
||
| 300 |
_axiv, 266 p. : ill. _c24 cm. |
||
| 490 | 0 | _aRoutledge global security studies | |
| 504 | _aIncludes bibliographical references | ||
| 650 | 0 | _aEconomic sanctions | |
| 650 | 0 | _aInternational economic relations | |
| 650 | 0 | _aNational security | |
| 650 | 7 | _aPolitical science / International Relations / General | |
| 650 | 7 | _aPolitical science/ International Relations / diplomacy | |
| 650 | 7 | _aPOLITICAL SCIENCE / Political Freedom & Security / International Security | |
| 700 | 1 | _aRipsman, Norrin M. | |
| 942 |
_2lcc _cBK _n0 |
||
| 999 |
_c231 _d231 |
||